[Event "Berlin Kreuzberg op"]
[Site "Berlin"]
[Date "2016.07.20"]
[Round "5"]
[White "Barath, M."]
[Black "Federau, Juergen"]
[Result "1-0"]
[WhiteElo "2082"]
[BlackElo "2115"]
[PlyCount "77"]
[EventDate "2016.07.16"]
[EventType "swiss"]
[EventRounds "9"]
[EventCountry "GER"]
[SourceTitle "CBM 173 Extra"]
[Source "ChessBase"]
[SourceDate "2016.08.29"]
[SourceVersion "1"]
[SourceVersionDate "2016.08.29"]
[SourceQuality "1"]

1. e4 c5 2. Nf3 d6 3. d4 cxd4 4. Nxd4 Nf6 5. Nc3 a6 6. Be3 e5 7. Nb3 Be7 8. f3 Be6 9. Qd2 0-0 10. 0-0-0 a5 11. Bb5 Na6 12. g4 Nc7 13. g5 Nfe8 14. a4 Qc8 15. Kb1 Nxb5 16. Nxb5 Qc4 17. Nc3 Nc7 18. Bb6 Qc6 19. Bxc7 Qxc7 20. f4 exf4 21. Qxf4 Rfc8 22. Nd4 Qc4 23. Rhf1 Rf8 24. Nd5 Bxd5 25. exd5 Rae8 26. h4 Qxa4 27. Qg3 Rc8 28. c3 Rce8 29. h5 Qc4 30. Qg2 Bd8 31. Rf4 Qc8 32. Rdf1 Bb6 33. Nf5 Qd7 34. Nh6+ Kh8 35. Nxf7+ Kg8 36. Nh6+ gxh6 37. gxh6+ Kh8 38. Rxf8+ Rxf8 39. Rxf8# 1-0

[Event "Lueneburg op-A"]
[Site "Lueneburg"]
[Date "2016.07.02"]
[Round "2"]
[White "Vorobiov, Evgeny E"]
[Black "Barath, M."]
[Result "1-0"]
[WhiteElo "2584"]
[BlackElo "2082"]
[PlyCount "37"]
[EventDate "2016.07.01"]
[EventType "swiss"]
[EventRounds "9"]
[EventCountry "GER"]
[SourceTitle "CBM 173 Extra"]
[Source "ChessBase"]
[SourceDate "2016.08.29"]
[SourceVersion "1"]
[SourceVersionDate "2016.08.29"]
[SourceQuality "1"]

1. Nf3 Nf6 2. g3 b6 3. Bg2 Bb7 4. 0-0 e6 5. d3 c5 6. e4 d5 7. Nbd2 Nc6 8. Re1 Be7 9. c3 Qc7 10. Nf1 dxe4 11. dxe4 Nd7 12. Bf4 Nde5 13. Nxe5 Nxe5 14. Bxe5 Qxe5 15. Qa4+ Kf8 16. Rad1 a6 17. Rd7 b5 18. Qa5 Qb8 19. Qb6 1-0

[Event "Lueneburg op-A"]
[Site "Lueneburg"]
[Date "2016.07.01"]
[Round "1"]
[White "Barath, M."]
[Black "Geissler, Karl Heinz"]
[Result "1-0"]
[WhiteElo "2082"]
[BlackElo "1670"]
[PlyCount "57"]
[EventDate "2016.07.01"]
[EventType "swiss"]
[EventRounds "9"]
[EventCountry "GER"]
[SourceTitle "CBM 173 Extra"]
[Source "ChessBase"]
[SourceDate "2016.08.29"]
[SourceVersion "1"]
[SourceVersionDate "2016.08.29"]
[SourceQuality "1"]

1. d4 Nf6 2. c4 e6 3. Nc3 d5 4. Nf3 Nc6 5. Bg5 Be7 6. e3 0-0 7. Qc2 a5 8. a3 b6 9. cxd5 Nxd5 10. Nxd5 Bxg5 11. Nxg5 Qxg5 12. Nxc7 Bb7 13. Nxa8 Rxa8 14. Qb3 Qd8 15. Bb5 Ne7 16. 0-0 Nd5 17. Rac1 Qg5 18. Bc6 Bxc6 19. Rxc6 h6 20. Rfc1 Rd8 21. Rc8 Rxc8 22. Rxc8+ Kh7 23. Qc2+ g6 24. h3 Kg7 25. Qa4 Nxe3 26. g3 Nf5 27. Qe8 Kf6 28. Qd8+ Ne7 29. Qh8+ 1-0